000 00420nam a2200145Ia 4500
008 210716s2011 xx 000 0 und d
020 _a978033393342
041 _aeng
082 _a658.7 RAGG
100 _aRaghuram, G;Rangaraj, N.
245 _aLogistics and supply chain management: cases and concepts.
_bCases and concepts.
250 _a1
260 _aNew Delhi
_bMacmillan India Ltd
_c2011
300 _axxiii,424
999 _c207004
_d207004